000 00458nam a2200145Ia 4500
008 090122s9999 xx 000 0 und d
082 _b9789
100 _aभोसले
_bराजन
245 _aअथातो कामजिज्ञासा
600 _aभोसले
630 _aअथातो कामजिज्ञासा
700 _aभोसले
730 _aअथातो कामजिज्ञासा
942 _cBOOK
999 _c33866
_d33866